Regulatory reform and the derivatives market : hearing before the Committee on Agriculture, Nutrition, and Forestry, United States Senate, One Hundred Eleventh Congress, first session, June 4, 2009.

Bibliographic Details
Corporate Author: United States. Congress. Senate. Committee on Agriculture, Nutrition, and Forestry
Format: Government Document eBook
Language:English
Published: Washington : U.S. G.P.O., 2010.
Series:S. hrg. ; 111-246
Subjects:
Online Access:Electronic resource (PDF)

MARC

Tag First Indicator Second Indicator Subfields
LEADER 00000cam a22000001a 4500
001 in00004100550
005 20200117091315.0
006 m d f
007 cr bn mmmapmmp
008 100823s2010 dcua ob f000 0 eng d
035 |a chdc201000974 
040 |a UMI  |c UMI  |d UtOrBLW 
042 |a pcc 
043 |a n-us--- 
074 |a 1032-C 
086 0 |a Y 4.AG 8/3:S.HRG.111-246 
110 1 |a United States.  |b Congress.  |b Senate.  |b Committee on Agriculture, Nutrition, and Forestry.  |0 http://id.loc.gov/authorities/names/n78080632 
245 1 0 |a Regulatory reform and the derivatives market :  |b hearing before the Committee on Agriculture, Nutrition, and Forestry, United States Senate, One Hundred Eleventh Congress, first session, June 4, 2009. 
264 1 |a Washington :  |b U.S. G.P.O.,  |c 2010. 
264 2 |a Washington :  |b For sale by the Supt. of Docs., U.S. G.P.O. 
300 |a iv, 191 pages :  |b illustrations, digital, PDF file. 
336 |a text  |b txt  |2 rdacontent 
337 |a computer  |b c  |2 rdamedia 
338 |a online resource  |b cr  |2 rdacarrier 
490 1 |a S. hrg. ;  |v 111-246 
500 |a Shipping list number: 2010-0222-P. 
504 |a Includes bibliographical references. 
500 |a Record is based on bibliographic data in ProQuest Congressional Hearings Digital Collection. Reuse except for individual research requires license from ProQuest, LLC. 
500 |a Electronic resource. 
533 |a Electronic reproduction.  |b [Bethesda, Md.] :  |c ProQuest,  |d 2010.  |e digital, PDF file.  |n ProQuest U.S. Congressional Hearings Digital Collection.  |n Mode of access: World Wide Web via ProQuest website. 
538 |a System requirements: PDF reader software. 
610 1 0 |a United States.  |b Commodity Futures Trading Commission  |v Rules and practice. 
650 0 |a Credit derivatives  |z United States. 
650 0 |a Derivative securities  |z United States.  |0 http://id.loc.gov/authorities/subjects/sh2009123215 
650 0 |a Commodity futures  |z United States.  |0 http://id.loc.gov/authorities/subjects/sh2008101303 
650 0 |a Securities industry  |x State supervision. 
776 0 8 |i Print version:   |a United States. Congress. Senate. Committee on Agriculture, Nutrition, and Forestry.  |t Regulatory reform and the derivatives market  |w 9780160856570  |w 0160856574  |w (OCoLC)ocn615674861  |z 2010478470 
776 0 8 |i Microfiche version:   |a United States. Congress. Senate. Committee on Agriculture, Nutrition, and Forestry.  |t Regulatory reform and the derivatives market  |d [Bethesda, Md.] : ProQuest,[2010]  |o CIS 2010 S161-8  |w (ProQuest)cis01002651  
810 1 |a United States.  |b Congress.  |b Senate.  |t S. hrg. ;  |v 111-246.  |0 http://id.loc.gov/authorities/names/n83707917 
856 4 0 |u http://proxy.library.tamu.edu/login?url=http://search.proquest.com/congcomp/getdoc?HEARING-ID=HRG-2009-ANF-0008  |y Electronic resource (PDF)  |t 0 
998 |a cis01002651  
999 f f |s 621dc4ea-0da0-3e9d-bf41-d819c2dd6e64  |i 0e4630d0-7078-33c3-919a-7a73ee329841  |t 0 
952 f f |a Texas A&M University  |b College Station  |c Electronic Resources  |d Available Online  |t 0  |e Y 4.AG 8/3:S.HRG.111-246  |h Superintendent of Documents classification 
998 f f |a Y 4.AG 8/3:S.HRG.111-246  |t 0  |l Available Online